Quiz facile automobile - Statistiques

Statistiques générales
  • Ce quiz a été pris 425 fois
  • Le résultat moyen est 9 sur 10
Statistiques - réponses
Question Réponse % Correct
Quelle marque est connue pour son logo en forme de losange ? Renault
98%
Laquelle de ces marques est aussi une écurie de formule 1 ? Ferrari
97%
Quelle marque de voitures française a produit la 308 ? Peugeot
96%
Quelle marque de voitures américaine a produit la Mustang ? Ford
93%
Quel logo est formé d'une étoile à trois branches entourées d'un cercle ? Mercedes Benz
92%
Quelle marque de voitures allemande a produit la coccinelle ? Volkswagen
92%
Quelle marque de voitures est connue pour avoir été au côté du célèbre agent secret James bond ? Aston Martin
91%
Quelle marque de voiture a produit la série 5 ? BMW
88%
Quelle marque est connue pour son logo blanc et bleu en forme d’hélice ? BMW
86%
Quelle marque de voitures japonaise a produit la Prius ? Toyota
79%
Aucun quiz correspondant
Distribution des résultats
% des personnes avec chaque résultat
Percentile par nombre de réponses
Votre historique - résultats
Vous n’avez pas pris ce quiz